[Event "www.ChessWorld.net server game"]
[Site "www.ChessWorld.net "]
[Date "2007.5.29"]
[Round "NA"]
[White "jingram"]
[Black "joselito"]
[Result "1-0"]
[Termination "Black resigned"]
[WhiteElo "1422"]
[BlackElo "1278"]
[Mode "ICS"]
[DateLastMove "2007.6.11"]
[Board "3760310"]

1.e4 e5 2.Nf3 Nc6 3.Bc4 Qe7 4.d3 Nf6 5.Be3 Qb4+ 6.Bd2 Qxb2 7.Bc3 Qb6 8.h3 Be7 9.O-O Nb4 10.Nxe5 O-O 11.a3 Nc6 12.Qd2 Nxe5 13.Bxe5 d6 14.Bg3 Be6 15.Bxe6 fxe6 16.Nc3 c6 17.Rab1 Qa5 18.Rxb7 Rfe8 19.e5 dxe5 20.Re1 Rab8 21.Rc7 Qxc7 22.Bxe5 Bd6 23.d4 c5 24.Bxf6 Bh2+ 25.Kf1 Rb2 26.Qg5 Reb8 27.Rxe6 Rxc2 28.Re7 Rb1+ 29.Nxb1 Rc1+ 30.Qxc1 Qd6 31.Rxg7+ Kf8 32.Be7+ Kxg7 33.Bxd6 Bxd6 34.dxc5 {Black resigned} 1-0

[Event "www.ChessWorld.net server game"]
[Site "www.ChessWorld.net "]
[Date "2007.5.29"]
[Round "NA"]
[White "jokati"]
[Black "joselito"]
[Result "1-0"]
[Termination "Black king mated"]
[WhiteElo "1669"]
[BlackElo "1252"]
[Mode "ICS"]
[DateLastMove "2007.6.7"]
[Board "3760338"]

1.e4 e5 2.Qh5 Nf6 3.Qxe5+ Qe7 4.Qxe7+ Bxe7 5.Nc3 O-O 6.Bc4 d6 7.h3 Nc6 8.Nf3 a5 9.a3 Bd7 10.O-O h6 11.d3 a4 12.Be3 Be6 13.Bxe6 fxe6 14.Nb5 Rfc8 15.c4 d5 16.exd5 exd5 17.cxd5 Nxd5 18.Nfd4 Nxe3 19.fxe3 Nxd4 20.Nxd4 Rd8 21.Ne6 Rxd3 22.Nxc7 Ra5 23.Rad1 Rxe3 24.Nd5 Re2 25.Nxe7+ Rxe7 26.Rd8+ Kh7 27.Rf2 Rb5 28.Rd4 Re1+ 29.Kh2 Ra5 30.Rd7 b5 31.Rff7 Kg6 32.Rxg7+ Kh5 33.Rd5+ Kh4 34.g3+ {Black king mated} 1-0

[Event "www.ChessWorld.net server game"]
[Site "www.ChessWorld.net "]
[Date "2007.5.29"]
[Round "NA"]
[White "haddad56"]
[Black "joselito"]
[Result "1-0"]
[Termination "Black resigned"]
[WhiteElo "1917"]
[BlackElo "1467"]
[Mode "ICS"]
[DateLastMove "2007.11.28"]
[Board "3760342"]

1.e4 e5 2.Nf3 Nc6 3.d4 Bb4+ 4.c3 Bd6 5.Bb5 Qe7 6.O-O Nf6 7.Re1 O-O 8.Bg5 a6 9.Bc4 exd4 10.cxd4 Nb4 11.e5 b5 12.Bb3 Qd8 13.exf6 gxf6 14.Bh6 Re8 15.Ne5 Bxe5 16.Qg4+ {Black resigned} 1-0

[Event "www.ChessWorld.net server game"]
[Site "www.ChessWorld.net "]
[Date "2007.5.29"]
[Round "NA"]
[White "Margo954"]
[Black "joselito"]
[Result "1-0"]
[Termination "Black king mated"]
[WhiteElo "1224"]
[BlackElo "1237"]
[Mode "ICS"]
[DateLastMove "2007.6.3"]
[Board "3760381"]

1.e4 e5 2.Nf3 Nc6 3.Bc4 Bb4 4.Nc3 Nf6 5.d3 O-O 6.Bg5 b6 7.Qd2 Bb7 8.O-O-O d6 9.a3 Bc5 10.h4 Na5 11.Bd5 Bxd5 12.exd5 c6 13.dxc6 Nxc6 14.h5 a5 15.h6 gxh6 16.Bxh6 Re8 17.Qg5+ Kh8 18.Qg7+ {Black king mated} 1-0

[Event "www.ChessWorld.net server game"]
[Site "www.ChessWorld.net "]
[Date "2007.5.29"]
[Round "NA"]
[White "tamer68"]
[Black "joselito"]
[Result "1-0"]
[Termination "Black king mated"]
[WhiteElo "1757"]
[BlackElo "1268"]
[Mode "ICS"]
[DateLastMove "2007.6.23"]
[Board "3760834"]

1.e3 e5 2.d4 Qe7 3.d5 b6 4.Nf3 Bb7 5.Bc4 d6 6.h4 Nf6 7.Nc3 Nbd7 8.e4 Nc5 9.Be3 O-O-O 10.Bxc5 dxc5 11.Qd2 Ng4 12.O-O-O g6 13.Nh2 Bh6 14.Nxg4 Bxd2+ 15.Rxd2 Qd6 16.Nb5 Qd7 17.f3 Kb8 18.Rhd1 a6 19.Nc3 f5 20.exf5 gxf5 21.Ne3 b5 22.Be2 f4 23.Ng4 Qg7 24.Ne4 Bxd5 25.Rxd5 Rxd5 26.Rxd5 Qf7 27.Rxc5 Rd8 28.Nxe5 Qxa2 29.Nc6+ Kb7 30.Nxd8+ Kb6 31.Rc6+ Ka5 32.Nb7+ Kb4 33.c3+ Kb3 34.Bd1+ {Black king mated} 1-0

[Event "www.ChessWorld.net server game"]
[Site "www.ChessWorld.net "]
[Date "2007.5.29"]
[Round "NA"]
[White "zoob"]
[Black "joselito"]
[Result "1-0"]
[Termination "Black resigned"]
[WhiteElo "1295"]
[BlackElo "1271"]
[Mode "ICS"]
[DateLastMove "2007.6.1"]
[Board "3761568"]

1.e4 e5 2.Nf3 Nc6 3.c3 Nf6 4.Bb5 Bd6 5.Bxc6 dxc6 6.d3 O-O 7.Bg5 h6 8.Be3 Bg4 9.Nbd2 c5 10.O-O Qe7 11.Qe2 Rad8 12.a3 b6 13.h3 a5 14.hxg4 Nxg4 15.Nh2 Nxh2 16.Kxh2 Qh4+ 17.Kg1 g5 18.Nf3 Qg4 19.g3 Qh3 20.Nh2 f5 21.Kh1 h5 22.Bxg5 Rd7 23.Bh4 f4 24.Qxh5 fxg3 25.fxg3 Rxf1+ 26.Rxf1 Rh7 27.Qe8+ Kg7 28.Qf7+ {Black resigned} 1-0

[Event "www.ChessWorld.net server game"]
[Site "www.ChessWorld.net "]
[Date "2007.5.31"]
[Round "NA"]
[White "aljanter"]
[Black "joselito"]
[Result "1-0"]
[Termination "Black resigned"]
[WhiteElo "1336"]
[BlackElo "1220"]
[Mode "ICS"]
[DateLastMove "2007.6.4"]
[Board "3769219"]

1.d4 Nf6 2.Nf3 d5 3.Bf4 e6 4.e3 Bb4+ 5.c3 Ba5 6.Be2 b6 7.O-O Bb7 8.Bb5+ c6 9.Bd3 O-O 10.Bg5 c5 11.Ne5 Nc6 12.Qf3 cxd4 13.e4 dxc3 14.bxc3 Nxe5 15.Qg3 Qd6 16.Bxf6 g6 17.Qg5 Nxd3 18.Qh6 Qxh2+ 19.Kxh2 {Black resigned} 1-0

[Event "www.ChessWorld.net server game"]
[Site "www.ChessWorld.net "]
[Date "2007.6.1"]
[Round "NA"]
[White "mo1962"]
[Black "joselito"]
[Result "1-0"]
[Termination "Black resigned"]
[WhiteElo "1571"]
[BlackElo "1256"]
[Mode "ICS"]
[DateLastMove "2007.6.7"]
[Board "3772395"]

1.e4 e5 2.a3 Nf6 3.Nc3 Bc5 4.h3 O-O 5.Nf3 Bb6 6.d4 d6 7.d5 h6 8.Bc4 c6 9.O-O Nbd7 10.Qe2 Nc5 11.b4 a5 12.bxc5 Bxc5 13.Be3 cxd5 14.Nxd5 Bxe3 15.Nxe3 Be6 16.Bxe6 fxe6 17.Rad1 Nxe4 18.Qd3 d5 19.Nxe5 Qh4 20.f3 a4 21.Ng6 Nc5 22.Qe2 Qg3 23.Nxf8 Kxf8 24.Qf2 Qb8 25.c4 dxc4 26.Nxc4 Nd7 27.Rxd7 Qe8 28.Rxb7 Qd8 29.Qc5+ Kg8 30.Qe5 Qf8 31.Qxe6+ Kh8 32.Ne5 Qc5+ 33.Kh1 Rf8 34.Ng6+ Kh7 35.Nxf8+ Qxf8 36.Qe4+ Kg8 37.Qxa4 Kh7 38.Qc2+ Kg8 39.Ra1 Qf6 40.Ra2 Qf8 41.a4 Kh8 42.a5 Qe8 43.a6 Qe1+ 44.Kh2 Qe5+ 45.g3 h5 46.h4 Kg8 47.a7 {Black resigned} 1-0

[Event "www.ChessWorld.net server game"]
[Site "www.ChessWorld.net "]
[Date "2007.6.1"]
[Round "NA"]
[White "The Sid Master"]
[Black "joselito"]
[Result "1-0"]
[Termination "Black king mated"]
[WhiteElo "1419"]
[BlackElo "1219"]
[Mode "ICS"]
[DateLastMove "2007.6.9"]
[Board "3772685"]

1.e4 e5 2.Bc4 Nf6 3.d3 Bc5 4.c3 O-O 5.b4 Bb6 6.h3 d6 7.Nf3 Be6 8.Nbd2 Bxc4 9.Nxc4 Nc6 10.a4 a5 11.b5 Qe7 12.bxc6 bxc6 13.Nxb6 cxb6 14.Be3 b5 15.Qc2 b4 16.cxb4 axb4 17.a5 c5 18.a6 Qc7 19.O-O h6 20.d4 exd4 21.Bxd4 Rac8 22.Bxf6 gxf6 23.Nd4 cxd4 24.Qxc7 Rxc7 25.Rfd1 Rcc8 26.Rxd4 f5 27.exf5 Kg7 28.Rxd6 Rfe8 29.f6+ Kh7 30.h4 Rc2 31.h5 Ree2 32.Rd7 Rxf2 33.Rxf7+ Kg8 34.Rg7+ Kf8 35.Rg6 b3 36.a7 Ra2 37.a8=Q+ Rxa8 38.Rxa8+ Kf7 39.Kxf2 b2 40.Rb8 b1=Q 41.Rxb1 Ke6 42.Re1+ Kf5 43.f7 Kf4 44.f8=R+ {Black king mated} 1-0

[Event "www.ChessWorld.net server game"]
[Site "www.ChessWorld.net "]
[Date "2007.6.1"]
[Round "NA"]
[White "greenrizla"]
[Black "joselito"]
[Result "1-0"]
[Termination "Black king mated"]
[WhiteElo "1763"]
[BlackElo "1241"]
[Mode "ICS"]
[DateLastMove "2007.6.8"]
[Board "3773886"]

1.d4 e6 2.Bf4 Nf6 3.e3 Bb4+ 4.c3 Ba5 5.Bd3 O-O 6.Na3 d5 7.Nb5 a6 8.Na3 Nbd7 9.Nf3 Nh5 10.Bg3 Nxg3 11.hxg3 b5 12.Bxh7+ Kh8 13.e4 Nf6 14.Bf5+ Kg8 15.Bh3 Re8 16.e5 Nh7 17.Qd3 b4 18.Nc2 bxc3 19.bxc3 Bb7 20.Bxe6 fxe6 21.Qxh7+ Kf7 22.Qd3 Rh8 23.Rxh8 Qxh8 24.Ng5+ Ke7 25.O-O-O Qe8 26.f4 Bc6 27.Nb4 Bxb4 28.cxb4 Ba4 29.Rd2 Qc6+ 30.Kb1 Rh8 31.Qf1 Qc3 32.Qc1 Qxc1+ 33.Kxc1 Rh1+ 34.Kb2 c6 35.a3 g6 36.Nh3 Bb5 37.Nf2 Rg1 38.Nh3 Rh1 39.Nf2 Rg1 40.Nd3 Bxd3 41.Rxd3 Rxg2+ 42.Kb3 Rg1 43.Rc3 Kd7 44.Ka4 Kc7 45.Rd3 Kb7 46.Ka5 Rh1 47.a4 Rb1 48.Rc3 Re1 49.b5 axb5 50.axb5 Ra1+ 51.Kb4 Rb1+ 52.Rb3 Rxb3+ 53.Kxb3 cxb5 54.Kb4 Kc7 55.Kxb5 Kd7 56.Kb6 Ke7 57.Kc7 Kf7 58.Kd7 Kg7 59.Kxe6 Kh6 60.g4 g5 61.f5 Kg7 62.Ke7 Kg8 63.f6 Kh8 64.f7 Kh7 65.f8=Q Kg6 66.Qf6+ Kh7 67.Qxg5 Kh8 68.Kf7 Kh7 69.Qh4+ {Black king mated} 1-0

[Event "www.ChessWorld.net server game"]
[Site "www.ChessWorld.net "]
[Date "2007.6.4"]
[Round "NA"]
[White "tiger266467"]
[Black "joselito"]
[Result "1-0"]
[Termination "Black resigned"]
[WhiteElo "1362"]
[BlackElo "1406"]
[Mode "ICS"]
[DateLastMove "2007.8.16"]
[Board "3782845"]

1.e4 e5 2.Nf3 c5 3.Nxe5 Qf6 4.Nf3 Qb6 5.d4 cxd4 6.Qxd4 Bc5 7.Qd2 Nf6 8.Nc3 O-O 9.Be2 Qc6 10.Qf4 Bb6 11.Be3 Bxe3 12.Qxe3 d6 13.Rd1 Bg4 14.h3 Nbd7 15.hxg4 Ne5 16.Nxe5 dxe5 17.Bb5 Qe6 18.g5 Ng4 19.Qc5 Qg6 20.f3 Ne3 21.Qxe3 a6 22.Bc4 Rac8 23.Qd3 Qxg5 24.O-O b5 25.Bd5 h5 26.Kf2 Qh4+ 27.Kg1 g5 28.f4 g4 29.fxe5 g3 30.Rf3 Qh2+ 31.Kf1 Qh1+ 32.Ke2 Qxg2+ 33.Ke1 h4 34.Ne2 h3 35.Rxg3+ Qxg3+ 36.Qxg3+ Kh8 37.Qxh3+ Kg7 38.Kf2 Rh8 39.Rg1+ Kf8 {Black resigned} 1-0

[Event "www.ChessWorld.net server game"]
[Site "www.ChessWorld.net "]
[Date "2007.6.9"]
[Round "NA"]
[White "notverydeepblue"]
[Black "joselito"]
[Result "1-0"]
[Termination "Black resigned"]
[WhiteElo "1425"]
[BlackElo "1288"]
[Mode "ICS"]
[DateLastMove "2007.6.22"]
[Board "3801020"]

1.d4 Nf6 2.c4 d6 3.Nc3 Bd7 4.h3 c5 5.e4 cxd4 6.Qxd4 e5 7.Qd3 Be7 8.a3 O-O 9.Nf3 Bc6 10.Qe3 h6 11.Bd3 Nbd7 12.O-O Nc5 13.Bc2 Qd7 14.Rd1 a6 15.Nd5 Bxd5 16.exd5 b5 17.b4 Nb7 18.c5 Bd8 19.cxd6 Qxd6 20.Qxe5 Bc7 21.Qxd6 Bxd6 22.Kf1 Rfe8 23.Bd3 Nxd5 24.Bh7+ Kxh7 25.Bb2 Nf4 26.Nd4 Re5 27.Nf3 Re2 28.Bd4 Rc8 29.Ng1 Rec2 30.Be3 Ne2 31.Nxe2 Bh2 32.g3 Rb2 33.Rd2 Rxd2 34.Bxd2 Nd6 35.Kg2 Ne4 36.Rc1 Re8 37.Rd1 Re5 38.Kxh2 Nxf2 39.Re1 Rh5 40.Nf4 Rf5 41.g4 Rf6 42.Kg2 g5 43.Nh5 Nd3 44.Nxf6+ Kg6 45.Rf1 {Black resigned} 1-0

[Event "www.ChessWorld.net server game"]
[Site "www.ChessWorld.net "]
[Date "2007.6.9"]
[Round "NA"]
[White "revs"]
[Black "joselito"]
[Result "1-0"]
[Termination "Black resigned"]
[WhiteElo "1352"]
[BlackElo "1268"]
[Mode "ICS"]
[DateLastMove "2007.6.11"]
[Board "3801024"]

1.c4 Nf6 2.a3 e5 3.h3 Bc5 4.e3 O-O 5.b4 Bd6 6.c5 Be7 7.Bb2 b6 8.cxb6 cxb6 9.b5 Bb7 10.Bxe5 d6 11.Bxf6 Bxf6 12.Ra2 Nd7 13.d3 Bh4 14.Qg4 Qf6 15.Qxd7 Qxf2+ 16.Rxf2 Rab8 17.Qxd6 Bxf2+ 18.Kxf2 Rbd8 19.Qc7 Rb8 20.Nc3 h6 21.h4 a5 22.Qxb6 Ba8 23.Qxa5 Kh7 24.d4 Rb7 25.b6 Re7 26.d5 Rfe8 27.Bd3+ Kg8 28.e4 Bb7 29.g4 f6 30.Bb5 Kf7 31.Bxe8+ Kxe8 32.Nf3 g6 33.Re1 f5 34.exf5 {Black resigned} 1-0

[Event "www.ChessWorld.net server game"]
[Site "www.ChessWorld.net "]
[Date "2007.6.10"]
[Round "NA"]
[White "David98314"]
[Black "joselito"]
[Result "1-0"]
[Termination "Black king mated"]
[WhiteElo "1441"]
[BlackElo "1430"]
[Mode "ICS"]
[DateLastMove "2007.7.19"]
[Board "3805420"]

1.e4 e5 2.f4 Nc6 3.Nf3 Qe7 4.Bc4 h6 5.O-O d6 6.f5 Nf6 7.Nc3 Nd4 8.Nd5 Nxd5 9.Bxd5 Nxf3+ 10.Rxf3 c6 11.Bc4 b5 12.Bb3 Qf6 13.d3 Be7 14.Be3 O-O 15.Rg3 d5 16.Qg4 Kh7 17.Rf1 Rg8 18.Rh3 g5 19.Qh5 dxe4 20.dxe4 Bb7 21.Bxf7 Rg7 22.Bg6+ Kg8 23.Qxh6 Kf8 24.Qh8+ Rg8 25.Qxf6+ Bxf6 26.Bc5+ Be7 27.Bxe7+ Kxe7 28.Rh7+ Kd6 29.Rxb7 Kc5 30.c3 a5 31.Rd1 a4 32.a3 Kc4 33.Bf7+ Kc5 34.Bxg8 Rxg8 35.Re7 Kc4 36.Rxe5 Kb3 37.Rd2 g4 38.Re6 Rc8 39.h3 gxh3 40.gxh3 Rg8+ 41.Kh2 c5 42.Re5 Rc8 43.Red5 b4 44.axb4 cxb4 45.cxb4 Rc2 46.Rxc2 Kxc2 47.f6 Kxb2 48.f7 a3 49.f8=Q a2 50.Rd2+ Ka3 51.Qa8+ Kb3 52.Qxa2+ Kxb4 53.Rc2 Kb5 54.Qb1+ Ka4 55.Ra2+ {Black king mated} 1-0

[Event "www.ChessWorld.net server game"]
[Site "www.ChessWorld.net "]
[Date "2007.6.10"]
[Round "NA"]
[White "rkchary"]
[Black "joselito"]
[Result "1-0"]
[Termination "Black king mated"]
[WhiteElo "1154"]
[BlackElo "1430"]
[Mode "ICS"]
[DateLastMove "2007.7.6"]
[Board "3805476"]

1.e4 e5 2.d4 d6 3.dxe5 Bd7 4.Qf3 Qe7 5.Nc3 dxe5 6.Bc4 Nf6 7.h4 Nc6 8.Nd5 Nxd5 9.Bxd5 Nd4 10.Qd3 Qf6 11.Bxb7 Bb4+ 12.c3 Rb8 13.Ba6 Nc2+ 14.Qxc2 Bc5 15.Bg5 Ba4 16.Qxa4+ c6 17.Bxf6 Kf8 18.Qxc6 gxf6 19.Qxc5+ Kg7 20.h5 Rxb2 21.h6+ Kg6 22.Be2 Rd8 23.Bh5+ Kxh6 24.Qxa7 Rf8 25.Qe3+ Kg7 26.f4 Rd8 27.Qg3+ Kf8 28.fxe5 Rdd2 29.exf6 Rxg2 30.Qd6+ Ke8 31.Qe7+ {Black king mated} 1-0

[Event "www.ChessWorld.net server game"]
[Site "www.ChessWorld.net "]
[Date "2007.6.10"]
[Round "NA"]
[White "birchy123"]
[Black "joselito"]
[Result "1-0"]
[Termination "Black resigned"]
[WhiteElo "1486"]
[BlackElo "1450"]
[Mode "ICS"]
[DateLastMove "2007.7.11"]
[Board "3805490"]

1.e4 e5 2.Nf3 Nc6 3.Bc4 Nf6 4.Ng5 Qe7 5.Nxf7 Na5 6.Qe2 Rg8 7.d3 Nxc4 8.dxc4 Qxf7 9.O-O d6 10.Nc3 Be6 11.Bg5 Bxc4 12.Qf3 O-O-O 13.b3 Ba6 14.Bxf6 Bxf1 15.Bxd8 Qxf3 16.gxf3 Kxd8 17.Kxf1 c6 18.Rd1 Be7 19.Ne2 Rf8 20.Kg2 Kd7 21.Kg3 g5 22.Kg4 h6 23.Rg1 a5 24.Rg3 b5 25.Rh3 a4 26.bxa4 Rh8 27.axb5 cxb5 28.Nc3 h5+ 29.Rxh5 Rb8 30.Rh7 b4 31.Nd5 Re8 32.Nf6+ Kd8 33.Nxe8 Kxe8 34.Rxe7+ Kxe7 35.Kxg5 Kd7 36.Kg6 Kc6 37.h4 Kc5 38.h5 Kc4 39.h6 Kc3 40.h7 Kxc2 41.h8=Q Kb2 42.Qb8 Ka3 43.Kf6 d5 44.exd5 e4 45.fxe4 Ka4 46.d6 Ka3 47.d7 Ka4 48.d8=Q b3 49.Qd4+ {Black resigned} 1-0

[Event "www.ChessWorld.net server game"]
[Site "www.ChessWorld.net "]
[Date "2007.6.10"]
[Round "NA"]
[White "Herbie-Randall"]
[Black "joselito"]
[Result "1-0"]
[Termination "Black king mated"]
[WhiteElo "1417"]
[BlackElo "1278"]
[Mode "ICS"]
[DateLastMove "2007.6.23"]
[Board "3805518"]

1.e4 e5 2.Nc3 Bc5 3.Nf3 d5 4.Nxe5 Qf6 5.Nf3 Bg4 6.Nxd5 Qd8 7.d3 Nh6 8.Qd2 Be6 9.Qc3 b6 10.Qxg7 Kd7 11.Nf6+ Kc8 12.Qxh6 Bg4 13.Nxg4 b5 14.Nge5 Nd7 15.Nxf7 Qf8 16.Nxh8 Qxh8 17.Qc6 Rb8 18.g3 Bb6 19.Bh3 Qg7 20.Bf4 Qxb2 21.Qxd7+ Kb7 22.Qd5+ Ka6 23.Qc6 Rb7 24.O-O h5 25.Rfb1 Qa3 26.Qxb5+ {Black king mated} 1-0

[Event "www.ChessWorld.net server game"]
[Site "www.ChessWorld.net "]
[Date "2007.6.10"]
[Round "NA"]
[White "delural"]
[Black "joselito"]
[Result "1-0"]
[Termination "Black resigned"]
[WhiteElo "1101"]
[BlackElo "1326"]
[Mode "ICS"]
[DateLastMove "2007.6.17"]
[Board "3805532"]

1.e4 e5 2.Nf3 Nc6 3.a3 Bc5 4.c3 Nf6 5.d3 O-O 6.Bd2 Ng4 7.d4 exd4 8.cxd4 Bb6 9.Bc3 Qf6 10.Qd2 a5 11.Be2 d6 12.h3 Nh6 13.d5 Qg6 14.dxc6 Qxg2 15.Rh2 Bxf2+ 16.Kd1 Qg3 17.cxb7 Bxb7 18.Qd3 Bg1 19.Rh1 Qg2 20.Rxg1 Qxh3 21.Bxg7 Rfe8 22.Bxh6+ Kh8 23.Qd4+ Re5 24.Bf4 Rg8 25.Bxe5+ dxe5 26.Qxe5+ {Black resigned} 1-0

[Event "www.ChessWorld.net server game"]
[Site "www.ChessWorld.net "]
[Date "2007.6.10"]
[Round "NA"]
[White "briansky"]
[Black "joselito"]
[Result "1-0"]
[Termination "Black king mated"]
[WhiteElo "1145"]
[BlackElo "1288"]
[Mode "ICS"]
[DateLastMove "2007.6.14"]
[Board "3805574"]

1.e4 e5 2.Nf3 Nc6 3.Nc3 Nf6 4.Bb5 Bc5 5.Bxc6 dxc6 6.O-O O-O 7.Nxe5 Qe7 8.Nd3 Nd7 9.a3 Bd6 10.b3 Ne5 11.Nxe5 Bxe5 12.Bb2 Qh4 13.h3 Qg5 14.Qf3 Qxd2 15.Rac1 Qd6 16.Rcd1 Bh2+ 17.Kh1 Qe5 18.g3 Bxh3 19.Rfe1 Bg2+ 20.Kxg2 Bxg3 21.fxg3 Qe6 22.g4 a5 23.Ne2 h6 24.Nd4 Qg6 25.Nf5 h5 26.Ne7+ Kh7 27.Nxg6 fxg6 28.Qc3 hxg4 29.Qxg7+ {Black king mated} 1-0

[Event "www.ChessWorld.net server game"]
[Site "www.ChessWorld.net "]
[Date "2007.6.10"]
[Round "NA"]
[White "Castlegrande"]
[Black "joselito"]
[Result "1-0"]
[Termination "Black king mated"]
[WhiteElo "1367"]
[BlackElo "1332"]
[Mode "ICS"]
[DateLastMove "2007.6.21"]
[Board "3805758"]

1.e4 e5 2.d4 d6 3.d5 Nf6 4.Nc3 Bg4 5.f3 Bh5 6.Bg5 Be7 7.g4 Bg6 8.Bb5+ Nbd7 9.h4 O-O 10.h5 Ne8 11.hxg6 fxg6 12.Nh3 Nc5 13.Bxe7 Qxe7 14.Na4 Nxa4 15.Bxa4 Nf6 16.Ng5 h6 17.Kd2 a6 18.Qe1 Nh7 19.Nxh7 Kxh7 20.Qe3 g5 21.Rag1 Qf6 22.Bd7 Qf4 23.Qxf4 Rxf4 24.Ke3 Rff8 25.c4 b5 26.b3 bxc4 27.bxc4 Rab8 28.Bf5+ g6 29.Be6 Rb2 30.Rh3 Rxa2 31.Rgh1 Kg7 32.Rxh6 a5 33.Rh7+ Kf6 34.Rxc7 Ra3+ 35.Kd2 Rxf3 36.Rhh7 Rf2+ 37.Ke3 Rb2 38.Rhf7+ Rxf7 39.Rxf7+ {Black king mated} 1-0

[Event "www.ChessWorld.net server game"]
[Site "www.ChessWorld.net "]
[Date "2007.6.10"]
[Round "NA"]
[White "JanAnton"]
[Black "joselito"]
[Result "1-0"]
[Termination "Black king mated"]
[WhiteElo "1456"]
[BlackElo "1297"]
[Mode "ICS"]
[DateLastMove "2007.6.22"]
[Board "3805772"]

1.e4 e5 2.Nf3 d6 3.Bc4 Qd7 4.Ng5 Nf6 5.Nxf7 Rg8 6.Nxd6+ Bxd6 7.Bxg8 Nxg8 8.Qh5+ Qf7 9.Qxh7 Bc5 10.O-O Bxf2+ 11.Rxf2 Nf6 12.Qh8+ Kd7 13.d3 Qg6 14.c4 Nc6 15.Nc3 Nd4 16.b4 Ng4 17.Rf8 Ne6 18.Rf1 Nd4 19.Qf8 Qh5 20.Qxg7+ Kd6 21.c5+ Ke6 22.h3 Nh6 23.Rf6+ {Black king mated} 1-0

[Event "www.ChessWorld.net server game"]
[Site "www.ChessWorld.net "]
[Date "2007.6.10"]
[Round "NA"]
[White "swissbignose"]
[Black "joselito"]
[Result "1-0"]
[Termination "Black king mated"]
[WhiteElo "1232"]
[BlackElo "1365"]
[Mode "ICS"]
[DateLastMove "2007.6.21"]
[Board "3805786"]

1.d4 Nf6 2.Nc3 d5 3.Nf3 e6 4.Bf4 Bb4 5.e3 O-O 6.Qd3 b6 7.Ng5 Bxc3+ 8.bxc3 g6 9.Be2 Ba6 10.c4 dxc4 11.Qc3 Nd5 12.Qa3 Nxf4 13.exf4 Qxd4 14.O-O Qxf4 15.Nh3 Qe4 16.Rae1 Bb7 17.f3 Qxc2 18.Ng5 Qf5 19.Qc1 h6 20.Ne4 Bxe4 21.fxe4 Qxe4 22.Qxh6 Qd4+ 23.Kh1 Nd7 24.Rd1 Qb2 25.Rxd7 Qxe2 26.Qf4 e5 27.Qf6 c3 28.Rxf7 c2 29.Qg7+ {Black king mated} 1-0

[Event "www.ChessWorld.net server game"]
[Site "www.ChessWorld.net "]
[Date "2007.6.10"]
[Round "NA"]
[White "Kippers Klueless"]
[Black "joselito"]
[Result "1-0"]
[Termination "Black king mated"]
[WhiteElo "1505"]
[BlackElo "1293"]
[Mode "ICS"]
[DateLastMove "2007.6.24"]
[Board "3805856"]

1.e4 e5 2.Qh5 Qe7 3.Nf3 Nc6 4.d3 Nf6 5.Qg5 h6 6.Qd2 Qe6 7.Be2 Bc5 8.O-O Bb6 9.Nc3 O-O 10.Nb5 a6 11.Nc3 d6 12.Nh4 Nd4 13.h3 Nxe2+ 14.Nxe2 c6 15.Qc3 Nh5 16.a4 Qg6 17.Nxg6 fxg6 18.a5 Bd4 19.Qc4+ d5 20.exd5 Nf4 21.dxc6+ Be6 22.Qb4 Nxe2+ 23.Kh1 Bxf2 24.cxb7 Ng3+ 25.Kh2 Rab8 26.Rd1 Rf7 27.Qd6 Rbxb7 28.Qxe6 Kh7 29.Qxe5 Nh5 30.Qe6 Nf4 31.Bxf4 Rxf4 32.Rf1 Rxb2 33.Qe2 Bd4 34.Rxf4 Bc3 35.d4 Rb5 36.Qxb5 Bxa1 37.Qxa6 h5 38.d5 Be5 39.Kg3 Bxf4+ 40.Kxf4 Kh6 41.Qc8 h4 42.Qh8+ {Black king mated} 1-0

[Event "www.ChessWorld.net server game"]
[Site "www.ChessWorld.net "]
[Date "2007.6.10"]
[Round "NA"]
[White "LouisParis"]
[Black "joselito"]
[Result "1-0"]
[Termination "Black king mated"]
[WhiteElo "1535"]
[BlackElo "1307"]
[Mode "ICS"]
[DateLastMove "2007.6.26"]
[Board "3805870"]

1.e4 e5 2.Qh5 Qe7 3.d3 Nf6 4.Qd1 Qe6 5.Nf3 Bc5 6.h3 O-O 7.a3 b6 8.c4 Bb7 9.Nc3 a6 10.Be2 h6 11.O-O Nc6 12.b4 Nd4 13.bxc5 Nxe2+ 14.Qxe2 bxc5 15.Qe3 c6 16.Qxc5 Nh5 17.Nxe5 d6 18.Qb6 Qxe5 19.Bd2 Nf6 20.Qxb7 Nh5 21.Qxc6 Nf4 22.Bxf4 Qxf4 23.Nd5 Rac8 24.Ne7+ Kh7 25.Nxc8 f5 26.Ne7 fxe4 27.dxe4 Qg5 28.Qxd6 Rf6 29.Qd8 Rf8 30.Qxf8 Qxe7 31.Qxe7 h5 32.Rab1 h4 33.Rb7 Kh6 34.Qxg7+ Kh5 35.Qg4+ Kh6 36.Rg7 a5 37.Qg6+ {Black king mated} 1-0

[Event "www.ChessWorld.net server game"]
[Site "www.ChessWorld.net "]
[Date "2007.6.10"]
[Round "NA"]
[White "calchess10"]
[Black "joselito"]
[Result "1-0"]
[Termination "Black king mated"]
[WhiteElo "1355"]
[BlackElo "1266"]
[Mode "ICS"]
[DateLastMove "2007.6.23"]
[Board "3805912"]

1.e4 e5 2.Nf3 Bc5 3.Nc3 Nf6 4.a3 Qe7 5.Bc4 O-O 6.h3 Bb6 7.O-O c5 8.d3 d6 9.Bg5 Be6 10.Bxf6 Qxf6 11.Bd5 Bxd5 12.Nxd5 Qe6 13.c4 Nc6 14.b4 Nd4 15.Nxd4 cxd4 16.f4 exf4 17.Rxf4 Qh6 18.Ne7+ Kh8 19.Rg4 Qe3+ 20.Kh1 Bd8 21.Nf5 Qf2 22.Nxd6 Rb8 23.Nf5 g6 24.Nd6 f5 25.exf5 gxf5 26.Rg8+ Kxg8 27.Qh5 Bc7 28.Qg5+ Kh8 29.c5 b6 30.Qe7 Qb2 31.Rf1 Qxa3 32.Qxc7 Qxb4 33.Nxf5 bxc5 34.Qg7+ {Black king mated} 1-0

[Event "www.ChessWorld.net server game"]
[Site "www.ChessWorld.net "]
[Date "2007.6.10"]
[Round "NA"]
[White "deaklundlee"]
[Black "joselito"]
[Result "1-0"]
[Termination "Black resigned"]
[WhiteElo "1464"]
[BlackElo "1343"]
[Mode "ICS"]
[DateLastMove "2007.6.21"]
[Board "3805940"]

1.e4 e5 2.d3 Nf6 3.Nc3 Bc5 4.Nf3 O-O 5.d4 exd4 6.Nxd4 Bxd4 7.Qxd4 Nc6 8.Qe3 d6 9.Bd2 a6 10.O-O-O Nb4 11.Bd3 Nxd3+ 12.cxd3 Bg4 13.f3 Be6 14.Nd5 Bxd5 15.exd5 Re8 16.Qg5 Re2 17.Rde1 Rxe1+ 18.Rxe1 c6 19.Qg3 Nh5 20.Qg4 g6 21.Bh6 Nf6 22.Qd4 cxd5 23.Bg5 Rc8+ 24.Kb1 Qa5 25.Rc1 Qxa2+ 26.Kxa2 Rxc1 27.Qxf6 {Black resigned} 1-0

[Event "www.ChessWorld.net server game"]
[Site "www.ChessWorld.net "]
[Date "2007.6.10"]
[Round "NA"]
[White "MrClardy"]
[Black "joselito"]
[Result "1-0"]
[Termination "Black king mated"]
[WhiteElo "1530"]
[BlackElo "1377"]
[Mode "ICS"]
[DateLastMove "2007.7.24"]
[Board "3805981"]

1.d4 d5 2.c4 e6 3.Nc3 c5 4.cxd5 cxd4 5.Qxd4 exd5 6.Qxd5 Qxd5 7.Nxd5 Bd6 8.Nf3 Be6 9.Nc3 Nf6 10.Bg5 O-O 11.Bxf6 gxf6 12.e3 Nd7 13.O-O-O Bb4 14.a3 Bxc3 15.bxc3 Rac8 16.c4 Nb6 17.Nd4 Bxc4 18.Bxc4 Rxc4+ 19.Kb2 Rfc8 20.Rd2 Na4+ 21.Kb3 Nc3 22.Rc2 a5 23.Rhc1 a4+ 24.Kb2 Kg7 25.Rxc3 Rxc3 26.Rxc3 Rb8 27.Rc7 b5 28.Kc3 b4+ 29.axb4 Ra8 30.Nc2 f5 31.Kc4 Rd8 32.Nd4 a3 33.Kb3 Ra8 34.Rc1 Kg6 35.Ra1 h5 36.b5 Kg5 37.Rxa3 Rb8 38.Ra1 f6 39.f3 Re8 40.Re1 f4 41.e4 Kh4 42.Nf5+ Kg5 43.h4+ Kg6 44.Rd1 Ra8 45.Rd7 Ra1 46.Rg7+ {Black king mated} 1-0

[Event "www.ChessWorld.net server game"]
[Site "www.ChessWorld.net "]
[Date "2007.6.10"]
[Round "NA"]
[White "davcobbler"]
[Black "joselito"]
[Result "1-0"]
[Termination "Black king mated"]
[WhiteElo "1643"]
[BlackElo "1378"]
[Mode "ICS"]
[DateLastMove "2007.8.27"]
[Board "3805990"]

1.e4 e5 2.Nf3 d6 3.h3 Nf6 4.Nc3 Be7 5.Bc4 O-O 6.O-O b6 7.d3 h6 8.Nh4 Bb7 9.Qf3 Nc6 10.Qg3 Nh5 11.Qg4 Bxh4 12.Qxh5 Nd4 13.b4 Nxc2 14.Rb1 Na3 15.Bxa3 Bg5 16.Nd5 Bxd5 17.Bxd5 Rb8 18.b5 Qf6 19.g3 Rbc8 20.h4 g6 21.Qe2 Bf4 22.gxf4 Qxf4 23.Kg2 Qxh4 24.Rh1 Qg5+ 25.Kf1 h5 26.Bc1 Qd8 27.Bh6 Re8 28.Qf3 Qe7 29.Qg3 c5 30.bxc6 Kh7 31.Rxh5 Qf6 32.Bg5+ gxh5 33.Bxf6 Rg8 34.Qh4 Rg6 35.Qxh5+ Rh6 36.Qxf7+ {Black king mated} 1-0